Loreto College Library, Kolkata
WEBOPAC (ONLINE PUBLIC ACCESS CATALOGUE)

Curriculum Enrichment For the Gifted in the Primary Grades, (Record no. 10421)

MARC details
000 -LEADER
fixed length control field 00604nam a2200205Ia 4500
005 - DATE AND TIME OF LATEST TRANSACTION
control field 20240315103004.0
008 - FIXED-LENGTH DATA ELEMENTS--GENERAL INFORMATION
fixed length control field 131103s9999 xx 000 0 und d
040 ## - CATALOGING SOURCE
Original cataloging agency Loreto College
041 ## - LANGUAGE CODE
Language code English
082 ## - DDC | ডিউই
Classification number | বর্গসংখ্যা 371.95
Book Number | গ্রন্থাঙ্ক MAR
100 ## - MAIN ENTRY--PERSONAL NAME | মুখ্য সংলেখ - ব্যাক্তিনাম
Personal name | ব্যাক্তিনাম Martinson,Ruth A.
245 ## - TITLE STATEMENT | অাখ্যা বিবরণী
Title | অাখ্যা Curriculum Enrichment For the Gifted in the Primary Grades,
Statement of responsibility | লেখকের দায়িত্বের বিবরণ Buth A.Martinson
260 ## - IMPRINT | প্রকাশনা ক্ষেত্র
Place of publication | প্রকাশ স্থান Englewood Cliffs
Name of publisher | প্রকাশকের নাম Prentice Hall
Date of publication | প্রকাশ কাল 1968
300 ## - PHYSICAL DESCRIPTION |
Page / Vol. No | পৃষ্ঠা / খন্ড সংখ্যা x,115 p.
Other physical details | অনান্য বাহ্যিক বিবরণ illus,tables
504 ## - BIBLIOGRAPHY, ETC. NOTE
Bibliography, etc Includes bibliography and index
650 ## - SUBJECT ADDED ENTRY--TOPICAL TERM | বিষয় শিরোনাম - মূল বিষয়
Topical term | মূল বিষয় Special Education
651 ## - SUBJECT ADDED ENTRY--GEOGRAPHIC NAME | বিষয় শিরোনাম - ভৌগলিক নাম
Geographic name | ভৌগলিক বিষয় Gifted Students
850 ## - HOLDING INSTITUTION
Holding institution LCLIB
942 ## - ADDED ENTRY ELEMENTS (KOHA)
Koha item type Books
Holdings
Withdrawn status Lost status Source of classification Damaged status Not for loan Home library Current library Date acquired Total Checkouts Full call number Accession No. Date last seen Date checked out Price effective from Koha item type Coded location qualifier
    Dewey Decimal Classification     Loreto College Loreto College 04/11/2013 1 371.95 MAR 22878 B10303 27/04/2016 19/04/2016 04/11/2013 Books  
    Dewey Decimal Classification     Loreto College Loreto College 04/11/2013   371.95 MAR 22878 B12749 04/11/2013   04/11/2013 Books